Статистика рынка товаров и услуг (Запись № 449367)

Подробности
000 -МАРКЕР
контрольное поле 02817nam0a2200445 4500
001 - ИДЕНТИФИКАТОР ЗАПИСИ
контрольное поле RU\NLR\bibl\991591
005 - ИДЕНТИФИКАТОР ВЕРСИИ
контрольное поле 20260405113058.0
010 ## - МЕЖДУНАРОДНЫЙ СТАНДАРТНЫЙ НОМЕР КНИГИ (ISBN)
Номер (ISBN) 5-7103-1264-9
Тираж 200
021 ## - НОМЕР ГОСУДАРСТВЕННОЙ РЕГИСТРАЦИИ
Код страны Российская Федерация
Номер 2006-46513
Номер Листа государственной регистраци 2319
035 ## - ДРУГИЕ СИСТЕМНЫЕ НОМЕРА
Идентификатор записи (nilc)RSL-KNO-002915947
035 ## - ДРУГИЕ СИСТЕМНЫЕ НОМЕРА
Идентификатор записи (NLR Aleph) 000979391
100 ## - ДАННЫЕ ОБЩЕЙ ОБРАБОТКИ
Данные общей обработки 20060817d2005 |||y0rusy50 ca
101 0# - ЯЗЫК РЕСУРСА
Язык текста, звукозаписи и т.д. русский
102 ## - СТРАНА ПУБЛИКАЦИИ ИЛИ ПРОИЗВОДСТВА
Страна публикации Российская Федерация
105 ## - ПОЛЕ КОДИРОВАННЫХ ДАННЫХ: ТЕКСТОВЫЕ МАТЕРИАЛЫ, МОНОГРАФИЧЕСКИЕ
Кодированные данные о монографическом текстовом документе y |||||||||
106 ## - ПОЛЕ КОДИРОВАННЫХ ДАННЫХ: ТЕКСТОВЫЕ РЕСУРСЫ – ФОРМА
Форма ресурса: кодированные данные: обозначение носителя r
200 1# - ЗАГЛАВИЕ И СВЕДЕНИЯ ОБ ОТВЕТСТВЕННОСТИ
Основное заглавие Статистика рынка товаров и услуг
Сведения, относящиеся к заглавию учеб.-методическое пособие для студентов вузов, обучающихся по специальности "Статистика" и другим экономическим специальностям
Первые сведения об ответственности Ю.В. Сажин, Е.А. Сысоева, М.В. Бикеева, Ю.В. Сарайкин
210 ## - ПУБЛИКАЦИЯ, РАСПРОСТРАНЕНИЕ И ДР.
Место издания, распространения и т.д. Саранск
Имя издателя, распространителя и т. д. Изд-во Мордовского ун-та
Дата издания, распространения и т.д. 2005
Место изготовления Саранск
Имя изготовителя Тип. Изд-ва Мордов. ун-та
215 ## - ФИЗИЧЕСКАЯ ХАРАКТЕРИСТИКА
Специфическое обозначение материала и объем 151, [2] с.
Размеры 20
225 1# - СЕРИЯ
Основное заглавие серии Учебники Мордовского университета
300 ## - ОБЩИЕ ПРИМЕЧАНИЯ
Текст примечания На 4-й с. обл. авт.: Сажин Ю.В., д.э.н., проф., акад., засл. деят. науки Респ. Мордовия, кандидаты экон. наук, доценты Сысоева Е.А., Бикеева М.В., Сарайкин Ю.В.
320 ## - ПРИМЕЧАНИЯ О НАЛИЧИИ В ДОКУМЕНТЕ БИБЛИОГРАФИИ / УКАЗАТЕЛЯ
Текст примечания Библиогр. в конце кн. (34 назв.)
606 1# - НАИМЕНОВАНИЕ ТЕМЫ КАК ПРЕДМЕТ
Наименование темы Рынки товарные
Формальный подзаголовок Учебно-методические пособия для высших учебных заведений
Тематический подзаголовок Статистика
Системный номер авторитетной/нормативной записи 2271082
Идентификатор авторитетной/нормативной записи RU\NLR\auth\661361205
606 1# - НАИМЕНОВАНИЕ ТЕМЫ КАК ПРЕДМЕТ
Наименование темы Торговля
Формальный подзаголовок Учебно-методические пособия для высших учебных заведений
Тематический подзаголовок Статистика
Системный номер авторитетной/нормативной записи 1371336
Идентификатор авторитетной/нормативной записи RU\NLR\auth\66574597
610 0# - НЕКОНТРОЛИРУЕМЫЕ ПРЕДМЕТНЫЕ ТЕРМИНЫ
Предметный термин Экономика -- Экономическая статистика -- Российская Федерация -- Торговля -- Учебник для высшей школы
686 ## - ИНДЕКСЫ ДРУГИХ КЛАССИФИКАЦИЙ
Индекс У051.9(2)421.0я73-14
Код системы
686 ## - ИНДЕКСЫ ДРУГИХ КЛАССИФИКАЦИЙ
Индекс У051.9(2)421я73
701 #1 - ИМЯ ЛИЦА - АЛЬТЕРНАТИВНАЯ ОТВЕТСТВЕННОСТЬ
Код отношения Автор
Материалы, к которым относится поле rus
Графика поля Кириллица
Начальный элемент ввода Сажин
Часть имени, кроме начального элемента ввода Ю. В.
Дополнения к именам, кроме дат д-р экон. наук
Даты 1940-
Расширение инициалов личного имени Юрий Владимирович
Идентификатор авторитетной/нормативной записи RU\NLR\auth\7743809
Системный номер авторитетной/нормативной записи 26752
701 #1 - ИМЯ ЛИЦА - АЛЬТЕРНАТИВНАЯ ОТВЕТСТВЕННОСТЬ
Начальный элемент ввода Сысоева
Часть имени, кроме начального элемента ввода Е. А.
Расширение инициалов личного имени Евгения Александровна
Код отношения Автор
701 #1 - ИМЯ ЛИЦА - АЛЬТЕРНАТИВНАЯ ОТВЕТСТВЕННОСТЬ
Код отношения Автор
Графика поля Кириллица
Материалы, к которым относится поле rus
Начальный элемент ввода Бикеева
Часть имени, кроме начального элемента ввода М. В.
Дополнения к именам, кроме дат канд. экон. наук
Даты 1974-
Расширение инициалов личного имени Марина Викторовна
Системный номер авторитетной/нормативной записи 26755
Идентификатор авторитетной/нормативной записи RU\NLR\AUTH\7743812
701 #1 - ИМЯ ЛИЦА - АЛЬТЕРНАТИВНАЯ ОТВЕТСТВЕННОСТЬ
Начальный элемент ввода Сарайкин
Часть имени, кроме начального элемента ввода Ю. В.
Расширение инициалов личного имени Юрий Владимирович
Код отношения Автор
801 #0 - ИСТОЧНИК ЗАПИСИ
Страна Российская Федерация
Организация РКП
Дата составления 20060817
Правила каталогизации rcr
801 #1 - ИСТОЧНИК ЗАПИСИ
Страна Российская Федерация
Организация РГБ
Дата составления 20060817
801 #2 - ИСТОЧНИК ЗАПИСИ
Страна Российская Федерация
Организация NLR
Дата составления 20061004
Правила каталогизации rcr
830 ## - ОБЩЕЕ ПРИМЕЧАНИЕ, СОСТАВЛЕННОЕ КАТАЛОГИЗАТОРОМ
Текст примечания авт. по кн.
942 ## - ДОПОЛНИТЕЛЬНЫЕ ЭЛЕМЕНТЫ ЗАПИСИ (АБИС)
Тип экземпляра АБИС Книга
980 ## - КОЛЛЕКЦИЯ
Название коллекции Национальная библиография
Экземпляры
Тип экземпляра Дата поступления Источник поступления Библиотека постоянного хранения Библиотека текущего хранения Место хранения Шифр хранения Штрих-код Статус экземпляра
Книга 04.10.2006 Обязательный экземпляр РНБ (Московский) РНБ (Московский) Русский книжный фонд: издания с 1957 года 2006-3/26176 2271011